| 000 -LEADER |
| fixed length control field |
00875cam a2200241 a 4500 |
| 005 - DATE AND TIME OF LATEST TRANSACTION |
| control field |
20131028102143.0 |
| 008 - FIXED-LENGTH DATA ELEMENTS--GENERAL INFORMATION |
| fixed length control field |
960621s1997 dcu b 001 0 eng |
| 020 ## - INTERNATIONAL STANDARD BOOK NUMBER |
| International Standard Book Number |
1878379615 |
| 020 ## - INTERNATIONAL STANDARD BOOK NUMBER |
| International Standard Book Number |
1878379607 |
| 080 ## - UNIVERSAL DECIMAL CLASSIFICATION NUMBER |
| Universal Decimal Classification number |
327 |
| 245 00 - TITLE STATEMENT |
| Title |
Peacemaking in international conflict : |
| Statement of responsibility, etc |
I. William Zartman, J. Lewis Rasmussen, editors. |
| 260 ## - |
| -- |
Washington, D.C. : |
| -- |
United States Institute of Peace Press, |
| -- |
1997. |
| 300 ## - |
| -- |
ix, 412 p. ; |
| -- |
23 cm. |
| 500 ## - |
| -- |
Foreword : f. VII-IX |
| 504 ## - BIBLIOGRAPHY, ETC. NOTE |
| Bibliography, etc |
Includes bibliographical references and index. |
| 650 #0 - |
| -- |
Marrëdhënie ndërkombëtare |
| 650 #0 - |
| -- |
Negociatat diplomatike në kontestet ndërkombëtare. |
| 650 #0 - |
| -- |
Arbitrazhi ndërkombëtar |
| 650 #0 - |
| -- |
Menaxhimi i konflikteve |
| -- |
Metodologjia |
| 700 1# - |
| -- |
Zartman, I. William. |
| 700 1# - |
| -- |
Rasmussen, J. Lewis, |
| -- |
1963- |
| 942 ## - ADDED ENTRY ELEMENTS (KOHA) |
| Source of classification or shelving scheme |
|
| Item type |
Books |